| 000 | 00000nam##2200000za#4500 |
| 001 | 9.641477 |
| 003 | CaOODSP |
| 005 | 20250506145323 |
| 007 | cr ||||||||||| |
| 008 | 150407|1978||||xxc|||||o f|0| 0 fre|d |
| 040 | |aCaOODSP|bfre |
| 043 | |an-cn--- |
| 086 | 1 |aA63-1610/1978F-PDF |
| 110 | 1 |aCanada.|bAgriculture Canada. |
| 245 | 10|aÉlevage du mouton dans les provinces atlantiques / |h[ressource électronique]|ccomité de rédaction : F.A. Stewart, R.J. Curtis, M.M. Greening, W.G. Mathewson, R. Perrin, P.B. Stead, J.W.G. Nicholson, James Adams et L.B. Nettleton. |
| 260 | |aOttawa - Ontario : |bAgriculture Canada |c1978. |
| 300 | |a52p.|bfigures, tableaux, photographies |
| 590 | |a13-17-Supp|b2013-07-25 |
| 691 | 07|aIndustrie agro-alimentaire|2gcpds |
| 691 | 07|aMouton|2gcpds |
| 691 | 07|aÉlevage|2gcpds |
| 775 | 08|tSheep husbandry in Atlantic Canada / |w(CaOODSP)9.698243 |
| 856 | 40|ahttp://publications.gc.ca|qPDF|s3.49 Mo|uhttps://publications.gc.ca/collections/collection_2013/aac-aafc/agrhist/A63-1610-1978-fra.pdf |